<?xml version="1.0" encoding="UTF-8"?>
<marc:record xmlns:marc="http://www.loc.gov/MARC21/slim">
   <marc:leader>00000nam a2200000 a 4500</marc:leader>
   <marc:datafield ind1="1" ind2=" " tag="100">
      <marc:subfield code="a">Pfannenschmidt, Christian</marc:subfield>
      <marc:subfield code="4">aut</marc:subfield>
      <marc:subfield code="e">Verfasser/-in</marc:subfield>
   </marc:datafield>
   <marc:datafield ind1="0" ind2="0" tag="245">
      <marc:subfield code="a">Die Träumerin</marc:subfield>
   </marc:datafield>
   <marc:datafield ind1="0" ind2="0" tag="245">
      <marc:subfield code="b">Roman</marc:subfield>
   </marc:datafield>
   <marc:datafield ind1="0" ind2="0" tag="245">
      <marc:subfield code="c">Christian Pfannenschmidt</marc:subfield>
   </marc:datafield>
   <marc:datafield ind1=" " ind2="1" tag="264">
      <marc:subfield code="a">München</marc:subfield>
      <marc:subfield code="b">Knaur</marc:subfield>
      <marc:subfield code="c">2011</marc:subfield>
   </marc:datafield>
   <marc:datafield ind1="1" ind2=" " tag="520">
      <marc:subfield code="a">Angaben aus der Verlagsmeldung

Die Träumerin : Roman / von Christian Pfannenschmidt

Kein Erfolg im Leben der Bankerin Vera schmeckte je so süß wie die kurzen Jahre des Glücks an der Seite von Hannes, ihrer ersten großen Liebe, den sie auf tragische Weise verlor. Als die heute 50-Jährige dem Kunsthändler Rupert begegnet, sträubt sie sich zunächst gegen ihre Gefühle für den deutlich jüngeren Mann. Soll sie die Liebe von einst, die für sie so lebendig ist wie eh und je, um seinetwillen endgültig aufgeben? Hin- und hergerissen zwischen dem Zauber der Erinnerung und den Verheißungen der Zukunft, wagt es Vera schließlich, neue Träume zu leben …
</marc:subfield>
   </marc:datafield>
   <marc:datafield ind1=" " ind2=" " tag="020">
      <marc:subfield code="a">9783426661796</marc:subfield>
      <marc:subfield code="9">9783426661796</marc:subfield>
   </marc:datafield>
   <marc:datafield ind1=" " ind2=" " tag="020">
      <marc:subfield code="a">3426661799</marc:subfield>
      <marc:subfield code="9">3426661799</marc:subfield>
   </marc:datafield>
   <marc:datafield ind1=" " ind2=" " tag="041">
      <marc:subfield code="a">ger</marc:subfield>
   </marc:datafield>
   <marc:datafield ind1=" " ind2=" " tag="300">
      <marc:subfield code="a">428 S.</marc:subfield>
   </marc:datafield>
</marc:record>
